[Event "Pobeskydi 2026"]
[Site "Frydek-Mistek, Czech Republic"]
[Date "2026.04.03"]
[Round "4.6"]
[White "Vancakova, Veronika"]
[Black "Lichorad, Mateusz"]
[Result "0-1"]
[TimeControl "90 min+30s/move"]
[WhiteTitle "-"]
[BlackTitle "-"]
[WhiteFideId "23731907"]
[BlackFideId "21817693"]
[WhiteElo "1937"]
[BlackElo "2039"]

1. d4 {[%clk 01:30:58]} {[%emt 00:00:02]} Nf6 {[%clk 01:30:52]} {[%emt
00:00:08]} 2. c4 {[%clk 01:31:22]} {[%emt 00:00:06]} g6 {[%clk 01:31:13]}
{[%emt 00:00:08]} 3. Nc3 {[%clk 01:31:47]} {[%emt 00:00:05]} d5 {[%clk
01:31:31]} {[%emt 00:00:12]} 4. cxd5 {[%clk 01:32:11]} {[%emt 00:00:07]} Nxd5
{[%clk 01:31:57]} {[%emt 00:00:04]} 5. e4 {[%clk 01:32:35]} {[%emt 00:00:05]}
Nxc3 {[%clk 01:32:20]} {[%emt 00:00:07]} 6. bxc3 {[%clk 01:33:01]} {[%emt
00:00:05]} Bg7 {[%clk 01:32:44]} {[%emt 00:00:06]} 7. Bc4 {[%clk 01:33:25]}
{[%emt 00:00:05]} c5 {[%clk 01:33:00]} {[%emt 00:00:14]} 8. Ne2 {[%clk
01:33:49]} {[%emt 00:00:07]} O-O {[%clk 01:33:19]} {[%emt 00:00:10]} 9. O-O
{[%clk 01:34:07]} {[%emt 00:00:11]} Nc6 {[%clk 01:33:24]} {[%emt 00:00:26]} 10.
Be3 {[%clk 01:34:17]} {[%emt 00:00:20]} Bg4 {[%clk 01:33:36]} {[%emt 00:00:18]}
11. f3 {[%clk 01:34:35]} {[%emt 00:00:13]} Bd7 {[%clk 01:34:02]} {[%emt
00:00:04]} 12. Bd3 {[%clk 01:21:15]} {[%emt 00:13:50]} Qc7 {[%clk 01:26:46]}
{[%emt 00:07:45]} 13. Rc1 {[%clk 01:17:23]} {[%emt 00:04:22]} Rad8 {[%clk
01:22:40]} {[%emt 00:04:35]} 14. Qd2 {[%clk 01:03:03]} {[%emt 00:14:49]} Qa5
{[%clk 01:15:47]} {[%emt 00:07:25]} 15. Rfd1 {[%clk 01:00:11]} {[%emt
00:03:22]} Bc8 {[%clk 01:13:17]} {[%emt 00:03:00]} 16. Qb2 {[%clk 00:56:24]}
{[%emt 00:04:17]} a6 {[%clk 01:02:02]} {[%emt 00:11:44]} 17. h3 {[%clk
00:52:29]} {[%emt 00:04:25]} Rd7 {[%clk 00:52:01]} {[%emt 00:10:32]} 18. f4
{[%clk 00:48:15]} {[%emt 00:04:43]} cxd4 {[%clk 00:49:05]} {[%emt 00:03:27]} 19.
cxd4 {[%clk 00:48:40]} {[%emt 00:00:05]} e6 {[%clk 00:30:12]} {[%emt 00:19:23]}
20. Bb1 {[%clk 00:39:20]} {[%emt 00:09:49]} Rfd8 {[%clk 00:24:42]} {[%emt
00:06:01]} 21. Rd2 {[%clk 00:37:32]} {[%emt 00:02:17]} Bf8 {[%clk 00:20:25]}
{[%emt 00:04:48]} 22. Rcd1 {[%clk 00:32:19]} {[%emt 00:05:43]} Bg7 {[%clk
00:17:56]} {[%emt 00:02:59]} 23. Qb3 {[%clk 00:26:24]} {[%emt 00:06:25]} b5
{[%clk 00:13:40]} {[%emt 00:04:47]} 24. Bf2 {[%clk 00:19:53]} Bb7 {[%clk
00:12:03]} {[%emt 00:09:07]} 25. Kh2 {[%clk 00:14:53]} Qb6 {[%clk 00:08:37]}
{[%emt 00:09:26]} 26. Bh4 {[%clk 00:14:22]} Re8 {[%clk 00:07:48]} {[%emt
00:02:20]} 27. Qe3 {[%clk 00:04:19]} Na5 {[%clk 00:04:55]} {[%emt 00:13:56]} 28.
Bd3 {[%clk 00:04:13]} Rc8 {[%clk 00:04:54]} {[%emt 00:01:07]} 29. f5 {[%emt
00:03:12]} e5 30. Qg5 {[%clk 00:01:08]} {[%emt 00:01:45]} exd4 {[%clk
00:03:03]} {[%emt 00:01:58]} 31. f6 {[%clk 00:00:56]} {[%emt 00:00:43]} Bf8
{[%clk 00:03:32]} {[%emt 00:00:01]} 32. e5 {[%clk 00:00:46]} {[%emt 00:00:41]}
Nc4 {[%clk 00:03:42]} {[%emt 00:00:19]} 33. Bf5 {[%clk 00:00:36]} {[%emt
00:00:40]} Nxd2 {[%clk 00:02:33]} {[%emt 00:01:40]} 34. Bxd7 {[%clk 00:00:59]}
{[%emt 00:00:07]} Ne4 {[%clk 00:02:46]} {[%emt 00:00:17]} 35. Qf4 {[%clk
00:00:36]} {[%emt 00:00:52]} Rc4 {[%clk 00:02:06]} {[%emt 00:01:11]} 36. Bf2
{[%clk 00:00:36]} {[%emt 00:00:29]} Nxf2 {[%clk 00:02:25]} {[%emt 00:00:10]} 37.
Qxf2 {[%clk 00:01:00]} {[%emt 00:00:07]} Qc7 {[%clk 00:02:43]} {[%emt
00:00:12]} 38. Bg4 {[%clk 00:00:40]} {[%emt 00:00:50]} Qxe5+ {[%clk 00:03:12]}
{[%emt 00:00:01]} 39. Kg1 {[%clk 00:00:46]} {[%emt 00:00:24]} h5 {[%clk
00:02:46]} {[%emt 00:00:56]} 40. Bf3 {[%clk 00:00:53]} {[%emt 00:00:23]} Bxf3
{[%clk 00:03:11]} {[%emt 00:00:06]} 41. Qxf3 {[%clk 00:01:16]} {[%emt
00:00:06]} Rc2 {[%clk 00:02:04]} {[%emt 00:01:36]} 42. Ng3 {[%clk 00:00:35]}
{[%emt 00:01:12]} Bd6 {[%clk 00:01:56]} {[%emt 00:00:39]} 43. Nf1 {[%clk
00:00:38]} {[%emt 00:00:27]} Qe2 {[%clk 00:01:23]} {[%emt 00:01:02]} 44. Qxe2
{[%clk 00:00:34]} {[%emt 00:00:34]} Rxe2 {[%clk 00:01:52]} {[%emt 00:00:02]} 45.
Kh1 {[%clk 00:00:36]} {[%emt 00:00:28]} Be5 {[%clk 00:02:10]} {[%emt 00:00:10]}
46. Rc1 {[%clk 00:00:37]} {[%emt 00:00:31]} Bxf6 {[%clk 00:02:33]} {[%emt
00:00:07]} 47. Rc6 {[%clk 00:00:47]} {[%emt 00:00:19]} Bg5 {[%clk 00:02:50]}
{[%emt 00:00:13]} 0-1

[Event "Pobeskydi 2026"]
[Site "Frydek-Mistek, Czech Republic"]
[Date "2026.04.03"]
[Round "4.7"]
[White "Koupil, Stepan"]
[Black "Buchtova, Viktorie"]
[Result "0-1"]
[TimeControl "90 min+30s/move"]
[WhiteTitle "-"]
[BlackTitle "-"]
[WhiteFideId "23742119"]
[BlackFideId "23714786"]
[WhiteElo "1935"]
[BlackElo "2055"]

1. e4 {[%clk 01:30:50]} {[%emt 00:00:09]} c5 {[%clk 01:30:58]} {[%emt
00:00:03]} 2. Nf3 {[%clk 01:31:13]} d6 {[%clk 01:31:25]} {[%emt 00:00:10]} 3.
Bb5+ {[%clk 01:31:33]} Nd7 {[%clk 01:31:50]} {[%emt 00:00:15]} 4. O-O {[%emt
00:00:32]} a6 {[%clk 01:32:15]} 5. Bxd7+ {[%clk 01:31:54]} {[%emt 00:00:12]}
Bxd7 {[%clk 01:30:58]} {[%emt 00:01:46]} 6. Re1 {[%clk 01:29:34]} {[%emt
00:02:50]} Nf6 {[%clk 01:29:43]} {[%emt 00:01:45]} 7. c3 {[%clk 01:29:42]}
{[%emt 00:00:21]} Bc6 {[%clk 01:22:44]} {[%emt 00:07:29]} 8. e5 {[%clk
01:13:52]} {[%emt 00:16:21]} dxe5 {[%clk 01:20:42]} {[%emt 00:02:32]} 9. Nxe5
{[%clk 01:13:36]} {[%emt 00:00:46]} Qd5 {[%clk 01:18:34]} {[%emt 00:02:37]} 10.
Nxc6 {[%clk 01:12:35]} {[%emt 00:01:32]} Qxc6 {[%clk 01:19:02]} {[%emt
00:00:01]} 11. d4 {[%clk 01:11:11]} {[%emt 00:01:54]} e6 {[%clk 01:17:24]}
{[%emt 00:02:08]} 12. Be3 {[%clk 01:07:51]} {[%emt 00:03:51]} Be7 {[%clk
01:14:02]} {[%emt 00:03:51]} 13. Nd2 {[%clk 01:05:16]} {[%emt 00:03:05]} Nd5
{[%clk 01:11:17]} {[%emt 00:03:16]} 14. dxc5 {[%clk 01:02:13]} {[%emt
00:03:33]} Nxe3 {[%clk 01:11:01]} {[%emt 00:00:45]} 15. Rxe3 {[%clk 01:02:18]}
{[%emt 00:00:26]} Bxc5 {[%clk 01:09:12]} {[%emt 00:02:14]} 16. Rg3 {[%clk
01:01:57]} {[%emt 00:00:55]} Rd8 {[%clk 00:56:33]} {[%emt 00:13:09]} 17. Qc2
{[%clk 00:45:03]} {[%emt 00:17:24]} O-O {[%clk 00:53:30]} {[%emt 00:03:33]} 18.
Ne4 {[%clk 00:43:38]} {[%emt 00:01:55]} Be7 {[%clk 00:52:07]} {[%emt 00:01:53]}
19. Re1 {[%emt 00:08:51]} Qd5 {[%emt 00:07:26]} 20. f4 {[%emt 00:17:34]} Qxa2
{[%clk 00:34:32]} {[%emt 00:05:52]} 21. Rh3 {[%clk 00:14:20]} {[%emt 00:09:40]}
g6 {[%emt 00:10:02]} 22. g4 {[%clk 00:08:40]} {[%emt 00:01:58]} Qd5 {[%clk
00:27:01]} {[%emt 00:02:42]} 23. Qc1 {[%clk 00:07:01]} {[%emt 00:02:09]} f5
{[%clk 00:25:36]} {[%emt 00:01:54]} 24. Nf2 {[%clk 00:07:03]} {[%emt 00:00:28]}
Bc5 {[%clk 00:24:36]} {[%emt 00:01:31]} 25. Re2 {[%emt 00:04:00]} fxg4 {[%clk
00:18:42]} {[%emt 00:06:11]} 26. Rg3 {[%clk 00:04:12]} {[%emt 00:00:04]} Qd1+
{[%clk 00:18:25]} {[%emt 00:00:47]} 27. Qxd1 {[%clk 00:04:39]} {[%emt
00:00:03]} Rxd1+ {[%clk 00:18:45]} {[%emt 00:00:10]} 28. Kg2 {[%clk 00:04:59]}
{[%emt 00:00:09]} Bxf2 {[%clk 00:18:48]} {[%emt 00:00:27]} 29. Rxf2 {[%clk
00:05:20]} {[%emt 00:00:09]} h5 {[%clk 00:16:11]} {[%emt 00:03:07]} 30. Re3
{[%clk 00:05:44]} {[%emt 00:00:06]} Kf7 {[%clk 00:16:03]} {[%emt 00:00:38]} 31.
Rfe2 {[%clk 00:05:52]} {[%emt 00:00:22]} Re8 {[%clk 00:16:14]} {[%emt
00:00:19]} 32. Re5 {[%clk 00:03:56]} {[%emt 00:02:26]} Rd5 {[%clk 00:15:24]}
{[%emt 00:01:20]} 33. R5e3 {[%clk 00:03:24]} {[%emt 00:01:03]} Kf6 {[%clk
00:15:15]} {[%emt 00:00:39]} 34. Kg3 {[%clk 00:03:47]} {[%emt 00:00:06]} Rf5
{[%clk 00:10:07]} {[%emt 00:05:38]} 35. Rd3 {[%clk 00:01:17]} {[%emt 00:03:01]}
e5 {[%clk 00:09:19]} {[%emt 00:01:18]} 36. Rd6+ {[%clk 00:00:55]} {[%emt
00:00:51]} Re6 {[%clk 00:09:07]} {[%emt 00:00:42]} 37. fxe5+ {[%clk 00:00:53]}
{[%emt 00:00:33]} Rfxe5 {[%clk 00:09:30]} {[%emt 00:00:06]} 38. Rf2+ {[%clk
00:00:58]} {[%emt 00:00:25]} Kg5 {[%clk 00:08:58]} {[%emt 00:01:02]} 39. Rd7
{[%clk 00:01:09]} {[%emt 00:00:20]} Re7 {[%clk 00:08:42]} {[%emt 00:00:46]} 40.
Rd6 {[%clk 00:00:36]} {[%emt 00:01:03]} h4+ {[%clk 00:08:02]} {[%emt 00:01:09]}
0-1

[Event "Pobeskydi 2026"]
[Site "Frydek-Mistek, Czech Republic"]
[Date "2026.04.03"]
[Round "4.8"]
[White "Kendall, Arthur"]
[Black "Hlavacek, Pavel"]
[Result "1-0"]
[TimeControl "90 min+30s/move"]
[WhiteTitle "-"]
[BlackTitle "-"]
[WhiteFideId "343410960"]
[BlackFideId "23761768"]
[WhiteElo "2032"]
[BlackElo "1982"]

1. d4 {[%clk 01:30:56]} {[%emt 00:00:03]} Nf6 {[%clk 01:30:55]} {[%emt
00:00:05]} 2. Nf3 {[%clk 01:31:24]} {[%emt 00:00:02]} d5 {[%clk 01:31:20]}
{[%emt 00:00:06]} 3. e3 {[%clk 01:31:47]} {[%emt 00:00:06]} e6 {[%clk
01:31:24]} {[%emt 00:00:26]} 4. Bd3 {[%clk 01:32:09]} {[%emt 00:00:07]} c5
{[%clk 01:31:37]} {[%emt 00:00:19]} 5. c3 {[%clk 01:32:34]} {[%emt 00:00:05]}
Nc6 {[%clk 01:29:23]} {[%emt 00:02:45]} 6. O-O {[%clk 01:32:57]} {[%emt
00:00:06]} Bd6 {[%clk 01:29:14]} {[%emt 00:00:40]} 7. Nbd2 {[%clk 01:32:56]}
{[%emt 00:00:30]} O-O {[%clk 01:26:45]} {[%emt 00:02:59]} 8. dxc5 {[%clk
01:32:46]} {[%emt 00:00:40]} Bxc5 {[%clk 01:27:02]} {[%emt 00:00:13]} 9. b4
{[%clk 01:33:00]} {[%emt 00:00:15]} Bd6 {[%clk 01:18:39]} {[%emt 00:08:54]} 10.
Bb2 {[%clk 01:32:43]} {[%emt 00:00:48]} b6 {[%clk 01:11:35]} {[%emt 00:07:33]}
11. a3 {[%clk 01:26:15]} {[%emt 00:06:57]} Ne5 {[%clk 00:56:05]} {[%emt
00:16:01]} 12. Nxe5 {[%clk 01:21:55]} {[%emt 00:04:50]} Bxe5 {[%clk 00:56:28]}
{[%emt 00:00:06]} 13. Nf3 {[%clk 01:16:12]} {[%emt 00:06:13]} Bd6 {[%clk
00:54:27]} {[%emt 00:02:32]} 14. c4 {[%clk 01:14:12]} {[%emt 00:02:29]} Bb7
{[%clk 00:49:10]} {[%emt 00:05:48]} 15. Rc1 {[%clk 01:08:28]} {[%emt 00:06:14]}
Rc8 {[%clk 00:41:22]} {[%emt 00:08:17]} 16. Qe2 {[%clk 01:04:53]} {[%emt
00:04:05]} Qe7 {[%clk 00:35:00]} {[%emt 00:06:53]} 17. cxd5 {[%clk 00:43:51]}
{[%emt 00:21:31]} Nxd5 {[%clk 00:32:12]} {[%emt 00:03:18]} 18. Ba6 {[%clk
00:41:07]} {[%emt 00:03:15]} Qd7 {[%clk 00:25:15]} {[%emt 00:07:26]} 19. Ne5
{[%clk 00:28:01]} {[%emt 00:13:36]} Bxe5 {[%clk 00:21:35]} {[%emt 00:04:11]} 20.
Bxe5 {[%clk 00:23:07]} {[%emt 00:05:24]} Rxc1 {[%clk 00:18:19]} {[%emt
00:03:46]} 21. Rxc1 {[%clk 00:23:30]} {[%emt 00:00:06]} Rc8 {[%clk 00:17:45]}
{[%emt 00:01:05]} 22. Rxc8+ {[%clk 00:22:40]} {[%emt 00:01:19]} Qxc8 {[%clk
00:16:32]} {[%emt 00:01:44]} 23. Bxb7 {[%clk 00:21:49]} {[%emt 00:01:21]} Qxb7
{[%clk 00:16:51]} {[%emt 00:00:11]} 24. Qg4 {[%clk 00:19:08]} {[%emt 00:03:10]}
f5 {[%clk 00:15:05]} {[%emt 00:02:16]} 25. Qc4 {[%clk 00:18:29]} {[%emt
00:00:59]} Kf7 {[%clk 00:13:35]} {[%emt 00:02:11]} 26. h3 {[%clk 00:16:21]}
{[%emt 00:02:37]} Ne7 {[%clk 00:09:35]} {[%emt 00:04:31]} 27. b5 {[%clk
00:13:46]} {[%emt 00:03:05]} Qd5 {[%clk 00:08:10]} {[%emt 00:01:55]} 28. Qc7
{[%clk 00:12:09]} {[%emt 00:02:05]} Qxb5 {[%clk 00:07:13]} {[%emt 00:01:29]} 29.
Bxg7 {[%clk 00:06:33]} {[%emt 00:06:05]} Qc5 {[%clk 00:06:57]} {[%emt
00:00:47]} 30. Qg3 {[%clk 00:05:26]} {[%emt 00:01:36]} Ng6 {[%clk 00:06:38]}
{[%emt 00:00:50]} 31. Bd4 {[%clk 00:04:05]} {[%emt 00:01:51]} Qxa3 {[%clk
00:05:47]} {[%emt 00:01:21]} 32. h4 {[%clk 00:04:01]} {[%emt 00:00:34]} h5
{[%clk 00:04:51]} {[%emt 00:01:26]} 33. Qf3 {[%clk 00:04:05]} {[%emt 00:00:26]}
Qf8 {[%clk 00:02:13]} {[%emt 00:03:07]} 34. Qxh5 {[%clk 00:04:15]} {[%emt
00:00:20]} Qg8 {[%clk 00:02:00]} {[%emt 00:00:43]} 35. Qg5 {[%clk 00:03:38]}
{[%emt 00:01:07]} a5 {[%clk 00:01:44]} {[%emt 00:00:47]} 36. Qf6+ {[%clk
00:03:30]} {[%emt 00:00:37]} Ke8 {[%clk 00:02:10]} {[%emt 00:00:05]} 37. Bxb6
{[%clk 00:03:33]} {[%emt 00:00:26]} a4 {[%clk 00:02:12]} {[%emt 00:00:29]} 38.
Qd8+ {[%clk 00:03:33]} {[%emt 00:00:28]} Kf7 {[%clk 00:02:39]} {[%emt
00:00:04]} 39. Qd7+ {[%clk 00:03:37]} {[%emt 00:00:26]} Ne7 {[%clk 00:02:25]}
{[%emt 00:00:45]} 40. Qxa4 {[%clk 00:03:50]} {[%emt 00:00:17]} Qb8 {[%clk
00:01:57]} {[%emt 00:00:57]} 41. Qa7 {[%clk 00:04:02]} {[%emt 00:00:17]} Qxa7
{[%clk 00:02:12]} {[%emt 00:00:17]} 42. Bxa7 {[%clk 00:04:27]} {[%emt
00:00:04]} Kg6 {[%clk 00:02:29]} {[%emt 00:00:14]} 43. g3 {[%clk 00:04:51]}
{[%emt 00:00:05]} e5 {[%clk 00:02:18]} {[%emt 00:00:42]} 44. Bc5 {[%clk
00:05:00]} {[%emt 00:00:21]} Nd5 {[%clk 00:02:37]} {[%emt 00:00:11]} 45. Kg2
{[%clk 00:05:15]} {[%emt 00:00:14]} e4 {[%clk 00:02:38]} {[%emt 00:00:29]} 46.
Bd4 {[%clk 00:05:09]} {[%emt 00:00:36]} Kh5 {[%clk 00:02:17]} {[%emt 00:00:51]}
47. f3 {[%clk 00:04:57]} {[%emt 00:00:41]} Nb4 {[%clk 00:01:00]} {[%emt
00:01:48]} 48. fxe4 {[%clk 00:05:00]} {[%emt 00:00:27]} fxe4 {[%clk 00:01:24]}
{[%emt 00:00:07]} 49. Kh3 {[%clk 00:05:02]} {[%emt 00:00:26]} Nc2 {[%clk
00:01:10]} {[%emt 00:00:46]} 50. g4+ {[%clk 00:05:19]} {[%emt 00:00:13]} Kg6
{[%clk 00:01:35]} {[%emt 00:00:04]} 51. Kg3 {[%clk 00:05:31]} {[%emt 00:00:18]}
Ne1 {[%clk 00:01:47]} {[%emt 00:00:18]} 52. Bb6 {[%clk 00:04:17]} {[%emt
00:01:43]} Nd3 {[%clk 00:02:04]} {[%emt 00:00:14]} 53. Bd8 {[%clk 00:03:59]}
{[%emt 00:00:48]} Kh6 {[%clk 00:01:57]} {[%emt 00:00:38]} 54. Bg5+ {[%clk
00:04:10]} {[%emt 00:00:18]} Kg6 {[%clk 00:02:21]} {[%emt 00:00:06]} 55. Bf4
{[%clk 00:04:33]} {[%emt 00:00:06]} 1-0

[Event "Pobeskydi 2026"]
[Site "Frydek-Mistek, Czech Republic"]
[Date "2026.04.03"]
[Round "4.9"]
[White "Chubar, Vladimir"]
[Black "Ocelak, David"]
[Result "0-1"]
[TimeControl "90 min+30s/move"]
[WhiteTitle "-"]
[BlackTitle "-"]
[WhiteFideId "14101491"]
[BlackFideId "23728795"]
[WhiteElo "1885"]
[BlackElo "2009"]

1. d4 {[%clk 01:20:31]} {[%emt 00:10:28]} Nf6 {[%clk 01:30:38]} {[%emt
00:00:23]} 2. Bg5 {[%clk 01:20:20]} {[%emt 00:00:40]} d5 {[%clk 01:30:49]}
{[%emt 00:00:19]} 3. Nd2 {[%clk 01:19:32]} {[%emt 00:01:17]} e6 {[%clk
01:30:04]} {[%emt 00:01:16]} 4. e4 {[%clk 01:19:39]} {[%emt 00:00:22]} dxe4
{[%clk 01:30:02]} {[%emt 00:00:32]} 5. Nxe4 {[%clk 01:19:43]} {[%emt 00:00:27]}
Be7 {[%clk 01:30:25]} {[%emt 00:00:07]} 6. Bxf6 {[%clk 01:18:37]} {[%emt
00:01:36]} gxf6 {[%clk 01:27:17]} {[%emt 00:03:38]} 7. Nf3 {[%clk 01:18:44]}
{[%emt 00:00:23]} f5 {[%clk 01:21:18]} {[%emt 00:06:29]} 8. Nc3 {[%clk
01:18:16]} {[%emt 00:00:58]} c6 {[%clk 01:20:06]} {[%emt 00:01:43]} 9. g3
{[%clk 01:15:27]} {[%emt 00:03:18]} Nd7 {[%clk 01:17:57]} {[%emt 00:02:39]} 10.
Bg2 {[%clk 01:15:32]} {[%emt 00:00:25]} Qc7 {[%clk 01:15:40]} {[%emt 00:02:47]}
11. O-O {[%clk 01:15:39]} {[%emt 00:00:23]} b6 {[%clk 01:09:42]} {[%emt
00:06:29]} 12. Re1 {[%clk 01:13:10]} {[%emt 00:02:58]} Bb7 {[%clk 01:08:23]}
{[%emt 00:01:49]} 13. Qd3 {[%clk 01:11:52]} {[%emt 00:01:47]} O-O-O {[%clk
01:02:53]} {[%emt 00:06:00]} 14. Qc4 {[%clk 01:10:45]} {[%emt 00:01:36]} h5
{[%clk 00:59:46]} {[%emt 00:03:37]} 15. b4 {[%clk 01:05:15]} {[%emt 00:06:01]}
Bf6 {[%clk 00:45:57]} {[%emt 00:14:19]} 16. Rad1 {[%clk 01:03:13]} {[%emt
00:02:33]} b5 {[%clk 00:39:43]} {[%emt 00:06:43]} 17. Qb3 {[%clk 01:00:13]}
{[%emt 00:03:29]} a6 {[%clk 00:38:19]} {[%emt 00:01:55]} 18. a4 {[%clk
00:58:38]} {[%emt 00:02:04]} h4 {[%clk 00:37:44]} {[%emt 00:01:06]} 19. Ne2
{[%clk 00:58:07]} {[%emt 00:01:01]} hxg3 {[%clk 00:37:16]} {[%emt 00:00:59]} 20.
hxg3 {[%clk 00:58:23]} {[%emt 00:00:12]} Nb6 {[%clk 00:36:10]} {[%emt
00:01:37]} 21. a5 {[%clk 00:57:50]} {[%emt 00:01:03]} Nc4 {[%clk 00:34:27]}
{[%emt 00:02:13]} 22. Nf4 {[%clk 00:56:29]} {[%emt 00:01:50]} Rhg8 {[%clk
00:26:03]} {[%emt 00:08:54]} 23. c3 {[%clk 00:51:24]} {[%emt 00:05:35]} c5
{[%clk 00:19:42]} {[%emt 00:06:52]} 24. Nh5 {[%clk 00:47:41]} {[%emt 00:04:13]}
Bg5 {[%clk 00:17:25]} {[%emt 00:02:47]} 25. dxc5 {[%clk 00:47:05]} {[%emt
00:01:05]} Rxd1 {[%clk 00:14:44]} {[%emt 00:03:12]} 26. Qxd1 {[%clk 00:47:01]}
{[%emt 00:00:33]} Rd8 {[%clk 00:12:57]} {[%emt 00:02:17]} 27. Qe2 {[%clk
00:46:17]} {[%emt 00:01:15]} Bd2 {[%clk 00:11:45]} {[%emt 00:01:41]} 28. Nxd2
{[%clk 00:43:39]} {[%emt 00:03:09]} Rxd2 {[%clk 00:11:29]} {[%emt 00:00:45]} 29.
Qf1 {[%clk 00:43:24]} {[%emt 00:00:45]} Bc6 {[%clk 00:06:34]} {[%emt 00:05:26]}
30. Bxc6 {[%clk 00:37:47]} {[%emt 00:06:07]} Qxc6 {[%clk 00:06:55]} {[%emt
00:00:09]} 31. Qg2 {[%clk 00:38:04]} {[%emt 00:00:13]} Qxg2+ {[%clk 00:06:22]}
{[%emt 00:01:03]} 32. Kxg2 {[%clk 00:36:02]} {[%emt 00:02:32]} Rc2 {[%clk
00:06:10]} {[%emt 00:00:42]} 33. Nf6 {[%clk 00:31:18]} {[%emt 00:05:14]} Kd8
{[%clk 00:05:36]} {[%emt 00:01:04]} 34. Kf3 {[%clk 00:28:09]} {[%emt 00:03:38]}
Rxc3+ {[%clk 00:05:49]} {[%emt 00:00:17]} 35. Kf4 {[%clk 00:28:27]} {[%emt
00:00:11]} Rc2 {[%clk 00:02:43]} {[%emt 00:03:38]} 36. Rd1+ {[%clk 00:25:57]}
{[%emt 00:02:59]} Rd2 {[%clk 00:00:57]} {[%emt 00:02:17]} 37. Rxd2+ {[%clk
00:24:55]} {[%emt 00:01:32]} Nxd2 {[%clk 00:01:20]} {[%emt 00:00:07]} 38. g4
{[%clk 00:25:16]} {[%emt 00:00:09]} fxg4 {[%clk 00:00:52]} {[%emt 00:00:58]} 39.
Nxg4 {[%clk 00:25:33]} {[%emt 00:00:13]} Ke7 {[%clk 00:01:05]} {[%emt
00:00:16]} 40. Ne5 {[%clk 00:25:39]} {[%emt 00:00:26]} f6 {[%clk 00:00:32]}
{[%emt 00:01:03]} 41. Nc6+ {[%clk 00:25:59]} {[%emt 00:00:09]} Kd7 {[%clk
00:00:52]} {[%emt 00:00:11]} 42. Na7 {[%clk 00:22:47]} {[%emt 00:03:42]} Kc7
{[%clk 00:01:14]} {[%emt 00:00:07]} 43. Kg4 {[%clk 00:17:48]} {[%emt 00:05:30]}
Kb7 {[%clk 00:01:18]} {[%emt 00:00:26]} 44. Kh5 {[%clk 00:18:13]} {[%emt
00:00:05]} Kxa7 {[%clk 00:01:21]} {[%emt 00:00:27]} 45. Kg6 {[%clk 00:18:37]}
{[%emt 00:00:06]} Ne4 {[%clk 00:00:35]} {[%emt 00:01:16]} 46. f3 {[%clk
00:18:57]} {[%emt 00:00:10]} f5 {[%clk 00:00:32]} {[%emt 00:00:33]} 47. Kf7
{[%clk 00:19:02]} {[%emt 00:00:24]} Kb7 {[%clk 00:00:32]} {[%emt 00:00:31]} 48.
Ke7 {[%clk 00:18:53]} {[%emt 00:00:38]} Kc6 {[%clk 00:00:53]} {[%emt 00:00:10]}
0-1